000 00256nam a2200097Ia 4500
001 691204
005 20250826161830.0
008 250824s9999 xx 000 0 und d
245 0 _aUSTA BİR ŞİFACININ KADİM SIRLARI
_cESİN AKAN
260 _bDESTEK YAYINLARI
999 _c691204
_d691204